|
|
|
|
| LEADER |
006090000a22001930004500 |
| 020 |
|
|
|a 81-7130-872-4
|
| 040 |
|
|
|a MAL
|c MAL
|
| 082 |
|
|
|a 891.463 JAY/P 32N8
|
| 100 |
|
|
|a Jayant V Narlikar; Author
|
| 100 |
|
|
|a Krishnankutty, K; Translator
|
| 245 |
|
|
|a Athidhi=Preshita
|
| 260 |
|
|
|a Kottayam, D C Books
|
| 260 |
|
|
|c 1998
|
| 460 |
|
|
|a 175
|
| 465 |
|
|
|a R.65
|
| 500 |
|
|
|a Jayant V Narlikar;tr.by K.Krishnankutty
|
| 650 |
|
|
|a Marathi fiction
|
| 999 |
|
|
|c 29809
|d 29809
|
| 952 |
|
|
|0 0
|1 0
|4 0
|6 891_463000000000000_JAYP_32N8
|7 0
|8 MAL
|9 29724
|a MGUL
|b MGUL
|d 2013-07-16
|e R.65
|l 0
|o 891.463 JAY/P 32N8
|p 30146
|r 2013-07-16
|w 2013-07-16
|y BK
|